000 00454nam a2200181Ia 4500
005 20240921120830.0
008 240921s9999||||xx |||||||||||||| ||und||
041 _aENGLISH
082 _A004.22 M2
100 _aMano,Morris M
245 0 _aComputer System Architecture
250 _a2nd
260 _c1982
_bPHI,New Delhi
500 _aComputer Software
650 _aComputer Architecture
_bComputer Applications
942 _cBK
999 _c247642
_d247642